MARC details
| 000 -CABECERA |
| campo de control de longitud fija |
01251cam a2200337 a 4500 |
| 001 - NÚMERO DE CONTROL |
| campo de control |
000000955 |
| 005 - FECHA Y HORA DE LA ÚLTIMA TRANSACCIÓN |
| campo de control |
20200929145442.0 |
| 008 - DATOS DE LONGITUD FIJA--INFORMACIÓN GENERAL |
| campo de control de longitud fija |
740304s1974 paua b 001 0 eng |
| 020 ## - NÚMERO INTERNACIONAL ESTÁNDAR DEL LIBRO |
| Número Internacional Estándar del Libro |
072161843X |
| 040 ## - FUENTE DE LA CATALOGACIÓN |
| Centro catalogador/agencia de origen |
DO-SdBNP |
| Lengua de catalogación |
spa |
| Centro/agencia transcriptor |
BNPHU |
| 082 ## - NÚMERO DE LA CLASIFICACIÓN DECIMAL DEWEY |
| Número de clasificación |
616.39 |
| Número de documento/Ítem |
D911d, 1974 |
| 100 1# - ENTRADA PRINCIPAL--NOMBRE DE PERSONA |
| Nombre de persona |
Duncan, Garfield G. |
| Forma completa/desarrollada del nombre |
(Garfield George), |
| Fechas asociadas al nombre |
1901- |
| 9 (RLIN) |
3358 |
| 240 10 - TÍTULO UNIFORME |
| Título uniforme |
Diseases of metabolism |
| 245 10 - MENCIÓN DE TÍTULO |
| Título |
Duncan's Diseases of metabolism / |
| Mención de responsabilidad, etc. |
with contributions by Margaret J. Albrink... [et al.] / editado por Philip K. Bondy and Leon E. Rosenberg. |
| 250 ## - MENCIÓN DE EDICIÓN |
| Mención de edición |
7a ed. |
| 260 ## - PUBLICACIÓN, DISTRIBUCIÓN, ETC. |
| Lugar de publicación, distribución, etc. |
Philadelphia : |
| Nombre del editor, distribuidor, etc. |
Saunders, |
| Fecha de publicación, distribución, etc. |
1974. |
| 300 ## - DESCRIPCIÓN FÍSICA |
| Extensión |
2 v. : |
| Otras características físicas |
il. ; |
| Dimensiones |
27 cm. |
| 504 ## - NOTA DE BIBLIOGRAFÍA, ETC. |
| Nota de bibliografía, etc. |
Incluye referencias bibliográficas. |
| 505 0# - NOTA DE CONTENIDO CON FORMATO |
| Nota de contenido con formato |
v. 1. Endocrinology -- v. 2. Genetics and metabolism. |
| 590 ## - NOTA LOCAL (RLIN) |
| Nota local |
La Biblioteca posee el vol. 1 |
| 650 #4 - PUNTO DE ACCESO ADICIONAL DE MATERIA--TÉRMINO DE MATERIA |
| Término de materia o nombre geográfico como elemento de entrada |
Metabolismo |
| 9 (RLIN) |
3359 |
| 650 #4 - PUNTO DE ACCESO ADICIONAL DE MATERIA--TÉRMINO DE MATERIA |
| Término de materia o nombre geográfico como elemento de entrada |
Desórdenes del metabolismo |
| 9 (RLIN) |
3360 |
| 650 #4 - PUNTO DE ACCESO ADICIONAL DE MATERIA--TÉRMINO DE MATERIA |
| Término de materia o nombre geográfico como elemento de entrada |
Endocrinología |
| 9 (RLIN) |
3361 |
| 700 1# - PUNTO DE ACCESO ADICIONAL--NOMBRE DE PERSONA |
| Nombre de persona |
Albrink, Margaret J., |
| Fechas asociadas al nombre |
1920- |
| 9 (RLIN) |
3362 |
| 700 1# - PUNTO DE ACCESO ADICIONAL--NOMBRE DE PERSONA |
| Nombre de persona |
Bondy, Philip K. |
| Forma completa/desarrollada del nombre |
(Philip Kramer), |
| Fechas asociadas al nombre |
1917- |
| Término indicativo de función/relación |
ed. |
| 9 (RLIN) |
3363 |
| 700 1# - PUNTO DE ACCESO ADICIONAL--NOMBRE DE PERSONA |
| Nombre de persona |
Rosenberg, Leon E., |
| Fechas asociadas al nombre |
1933- |
| Término indicativo de función/relación |
ed. |
| 9 (RLIN) |
3364 |
| 740 02 - PUNTO DE ACCESO ADICIONAL--TÍTULO RELACIONADO O ANALÍTICO NO CONTROLADO |
| Título relacionado o analítico no controlado |
Endocrinology |
| 740 02 - PUNTO DE ACCESO ADICIONAL--TÍTULO RELACIONADO O ANALÍTICO NO CONTROLADO |
| Título relacionado o analítico no controlado |
Diseases of metabolism. |
| 910 ## - DATOS DE OPCIÓN DEL USUARIO (OCLC) |
| Datos de opción del usuario |
Catalogación por copia/ LC |
| 910 ## - DATOS DE OPCIÓN DEL USUARIO (OCLC) |
| Datos de opción del usuario |
Jornada de catalogación |